L'homme et la societe
Salvato in:
| Natura: | Libro |
|---|---|
| Lingua: | Undetermined |
| Pubblicazione: |
Paris
Janvier Fevrier
1968
|
| Soggetti: | |
| Tags: |
Aggiungi Tag
Nessun Tag, puoi essere il primo ad aggiungerne! !
|
| Thư viện lưu trữ: | Trung tâm Học liệu Trường Đại học Cần Thơ |
|---|
| LEADER | 00394nam a2200157Ia 4500 | ||
|---|---|---|---|
| 001 | CTU_80393 | ||
| 008 | 210402s9999 xx 000 0 und d | ||
| 082 | |a 330 | ||
| 082 | |b L691 | ||
| 245 | 0 | |a L'homme et la societe | |
| 260 | |a Paris | ||
| 260 | |b Janvier Fevrier | ||
| 260 | |c 1968 | ||
| 650 | |a Economics | ||
| 904 | |i Trọng Hải | ||
| 980 | |a Trung tâm Học liệu Trường Đại học Cần Thơ | ||